000 00337nam a22001217a 4500
020 _aNA
082 _222
_a658.4038
100 _aO Brien, James,
245 _aManagement information systems
260 _aMC Graw hill higher education,
_bMC Graw hill higher education,
_cc2002
300 _axxvii, 530p. '
_bNA
_c24cm.
942 _2ddc
_cMAG
999 _c3569
_d3569